| 000 | 00771nam a2200229 a 4500 | ||
|---|---|---|---|
| 005 | 20210223131025.0 | ||
| 008 | 090622s2006 es r 000 0 spa d | ||
| 020 | _a8498011574 | ||
| 035 | _aUPN01000171341 | ||
| 049 | _aI | ||
| 050 | 4 |
_aHT861 _bD3.3 |
|
| 100 | 1 | _aDavidson, Marie-Thérése | |
| 245 | 1 | 0 |
_aTras los pasos de los-- esclavos / _cMarie-Thérése Davidson, Christian Heinrich, Thierry Aprile ; tr. Pilar Guerrero Jiménez. |
| 260 |
_aBarcelona, Esp. : _bBlume, _cc2006. |
||
| 300 |
_a127 p. : _bil. col. |
||
| 440 | 0 | _aTras los pasos... | |
| 534 |
_pTítulo original: _tSur les traces des... esclaves |
||
| 650 | 4 |
_aESCLAVITUD - _xHISTORIA _911537 |
|
| 700 | 1 |
_aHeinrich, Christian, _ecoaut. |
|
| 700 | 1 |
_aAprile, Thierry, _ecoaut. |
|
| 905 | _aInfantil | ||
| 999 |
_c143446 _d143446 |
||